| 000 | 01155nam a2200241Ia 4500 | ||
|---|---|---|---|
| 003 | Ost | ||
| 005 | 20260507075408.0 | ||
| 008 | 260507s9999||||xx |||||||||||||| ||und|| | ||
| 020 | _a1274308977 | ||
| 040 | _cfsecg | ||
| 041 | _aara | ||
| 082 | _a330 | ||
| 100 |
_aهندى، عبد المعين سعد الدين _eمؤلف |
||
| 245 | 0 |
_aالتحولات الإقتصادية وقضايا التربية المعاصرة / _c عبد المعين سعد الدين هندى |
|
| 260 |
_aالإسكندرية: _bدار العلم والإيمان, _c2009 |
||
| 300 |
_a416 صفحة؛ _bإيضاحات ؛ _c24 سم |
||
| 504 | _aالمراجع ص.406 | ||
| 520 | _aيضم التعليم العام والتعليم الخاص ، تفعيل دور المدرسة في ضوء متطلبات الجودة ، البطالة و الإنتماء لدى الشباب الجامعي ، نحو دور تربوي للجمعيات الأهلية تجاه الأطفال ذوي الإحتياجات الخاصة | ||
| 653 | _aالتعليم | ||
| 653 | _aالتعليم- اقتصاديات | ||
| 653 | _aالتغير الإجتماعي | ||
| 942 | _cكتاب | ||
| 999 |
_c44344 _d44344 |
||